|
|
|
|
| LEADER |
00731nam a22001814a 4500 |
| 008 |
150121n ii |||gr||||Z||||||eng |
| 020 |
|
|
|a 978-81-8489-174-4
|
| 082 |
|
|
|a 519.56 LEH
|
| 100 |
|
|
|a Lehmann E L and Romano Joseph P.
|
| 245 |
1 |
1 |
|a Testing Statistical Hypotheses
|h Textual Documents
|
| 250 |
|
|
|a Third Edition.
|
| 260 |
|
|
|a New Delhi:
|b Springer.,
|c 2009.
|
| 300 |
|
|
|a xiv,784p.:
|e 09855.
|
| 630 |
|
|
|a Testing of Hypotheses, Uniformly Most Powerful Tests, Testing Goodness of Fit.
|
| 852 |
|
|
|t 1
|p STA09855
|b Text Books
|k 519.56 LEH
|f 00000
|c Shelf - 15
|
| 942 |
|
|
|c BK
|
| 999 |
|
|
|c 220663
|d 220663
|
| 952 |
|
|
|0 0
|1 0
|4 0
|6 519_560000000000000_LEH
|7 0
|9 234804
|a STA
|b STA
|c Shelf - 15
|d 2019-12-11
|l 0
|o 519.56 LEH
|p STA09855
|r 2019-12-11
|t 1
|w 2019-12-11
|y BK
|